[Event "Madrid ch 2021-2022 Semifinal"]
[Site "Madrid ESP"]
[Date "2022.05.07"]
[Round "4.8"]
[White "Palomo Monserrat, Lorenzo"]
[Black "Barraza Caracuel, Ignacio"]
[Result "0-1"]
[WhiteElo "1862"]
[BlackElo "2100"]
[PlyCount "40"]
[EventDate "2022.05.04"]
[EventType "swiss"]
[EventRounds "9"]
[EventCountry "ESP"]
[SourceTitle "Ajedrez en Madrid"]
[Source "lmi"]
[SourceDate "2022.05.04"]
[SourceVersion "1"]
[SourceVersionDate "2022.05.15"]
[SourceQuality "1"]

1. d4 Nf6 2. c4 c5 3. d5 b5 4. Nf3 bxc4 5. Qc2 Nxd5 6. Qxc4 e6 7. e4 Ba6 8. Qc2
Bxf1 9. exd5 Bxg2 10. Bg5 Be7 11. Qc3 Bxh1 12. Qxg7 Rf8 13. d6 Bxg5 14. Nxg5
Qb6 15. Nc3 Na6 16. Rd1 O-O-O 17. b4 Rg8 18. Qf6 Rg6 19. Qe5 f6 20. Qe2 Rxg5
0-1

[Event "Madrid ch 2021-2022 Semifinal"]
[Site "Madrid ESP"]
[Date "2022.05.07"]
[Round "4.9"]
[White "Sanchez Garcia, Aurelio"]
[Black "Simonyan, Arturo"]
[Result "1/2-1/2"]
[WhiteElo "1988"]
[BlackElo "1895"]
[PlyCount "44"]
[EventDate "2022.05.04"]
[EventType "swiss"]
[EventRounds "9"]
[EventCountry "ESP"]
[SourceTitle "Ajedrez en Madrid"]
[Source "lmi"]
[SourceDate "2022.05.04"]
[SourceVersion "1"]
[SourceVersionDate "2022.05.15"]
[SourceQuality "1"]

1. Nf3 Nf6 2. c4 g6 3. Nc3 Bg7 4. e4 d6 5. d4 O-O 6. Be2 c5 7. O-O cxd4 8. Nxd4
Nc6 9. Be3 Bd7 10. h3 Nxd4 11. Bxd4 Bc6 12. Qc2 a5 13. Rad1 Nd7 14. Bxg7 Kxg7
15. Bg4 Ne5 16. c5 Nxg4 17. hxg4 Qc8 18. cxd6 Qxg4 19. dxe7 Rfe8 20. Nd5 Bxd5
21. Qc3+ Kg8 22. exd5 Rxe7 1/2-1/2

[Event "Madrid ch 2021-2022 Semifinal"]
[Site "Madrid ESP"]
[Date "2022.05.07"]
[Round "4.10"]
[White "Lopez Herrero, Israel"]
[Black "Garcia Dorado, Alberto"]
[Result "0-1"]
[WhiteElo "1824"]
[BlackElo "2220"]
[PlyCount "94"]
[EventDate "2022.05.04"]
[EventType "swiss"]
[EventRounds "9"]
[EventCountry "ESP"]
[SourceTitle "Ajedrez en Madrid"]
[Source "lmi"]
[SourceDate "2022.05.04"]
[SourceVersion "1"]
[SourceVersionDate "2022.05.15"]
[SourceQuality "1"]

1. e4 d5 2. exd5 Nf6 3. Nf3 Nxd5 4. d4 g6 5. c4 Nb6 6. Nc3 Bg7 7. Be2 O-O 8.
O-O Nc6 9. Be3 Bg4 10. d5 Bxf3 11. Bxf3 Ne5 12. Bxb6 axb6 13. Be2 Re8 14. f4
Nd7 15. a4 Bxc3 16. bxc3 e6 17. Bf3 Nc5 18. Ra3 e5 19. fxe5 Rxe5 20. d6 Qxd6
21. Qxd6 cxd6 22. Rb1 Ra6 23. Rd1 Re6 24. Rb1 Re7 25. Rd1 Rd7 26. Rda1 Ra5 27.
Rb1 Ra6 28. Rba1 Rd8 29. Bd5 Kf8 30. a5 Rda8 31. Rf1 f5 32. g4 Kg7 33. gxf5
gxf5 34. Ra2 Rxa5 35. Rxa5 bxa5 36. Rxf5 a4 37. Rf7+ Kg6 38. Rf2 a3 39. Ra2 Kf5
40. Kg2 Ne4 41. Bxb7 Ra7 42. Bc8+ Ke5 43. Bg4 Nxc3 44. Ra1 Kd4 45. Bf5 a2 46.
Kf2 Kxc4 47. Ke1 Kb3 0-1

[Event "Madrid ch 2021-2022 Semifinal"]
[Site "Madrid ESP"]
[Date "2022.05.07"]
[Round "4.11"]
[White "De La Puerta Cresis, Javier"]
[Black "Bello Burguet, Glenier Lazaro"]
[Result "1-0"]
[WhiteElo "2128"]
[BlackElo "1993"]
[PlyCount "53"]
[EventDate "2022.05.04"]
[EventType "swiss"]
[EventRounds "9"]
[EventCountry "ESP"]
[SourceTitle "Ajedrez en Madrid"]
[Source "lmi"]
[SourceDate "2022.05.04"]
[SourceVersion "1"]
[SourceVersionDate "2022.05.15"]
[SourceQuality "1"]

1. e4 e5 2. Nf3 Nc6 3. Bc4 Bc5 4. c3 Nf6 5. d4 exd4 6. b4 Bb6 7. e5 d5 8. exf6
dxc4 9. Qe2+ Be6 10. b5 Na5 11. fxg7 Rg8 12. cxd4 Rxg7 13. Nc3 Bxd4 14. Nxd4
Qxd4 15. Bb2 Rxg2 16. Ne4 Qd3 17. Nf6+ Ke7 18. Qe5 Qd6 19. Qc3 Qf4 20. Qa3+ Qd6
21. Qxa5 Qb6 22. Qa3+ Qd6 23. Qf3 Rxh2 24. Rxh2 Qxh2 25. Ba3+ Kd8 26. O-O-O+
Kc8 27. Be7 1-0

[Event "Madrid ch 2021-2022 Semifinal"]
[Site "Madrid ESP"]
[Date "2022.05.07"]
[Round "4.12"]
[White "Rodriguez Melendez, Juan Humberto"]
[Black "Santamaria Baeza, Adolfo"]
[Result "1-0"]
[WhiteElo "2098"]
[BlackElo "1870"]
[PlyCount "105"]
[EventDate "2022.05.04"]
[EventType "swiss"]
[EventRounds "9"]
[EventCountry "ESP"]
[SourceTitle "Ajedrez en Madrid"]
[Source "lmi"]
[SourceDate "2022.05.04"]
[SourceVersion "1"]
[SourceVersionDate "2022.05.15"]
[SourceQuality "1"]

1. e4 e5 2. Nf3 Nc6 3. Bc4 Bc5 4. c3 h6 5. O-O Nge7 6. d4 Bd6 7. Nh4 Na5 8. Bd3
g5 9. dxe5 Bxe5 10. f4 gxh4 11. fxe5 d6 12. Qh5 Be6 13. Bc2 Nac6 14. exd6 cxd6
15. Qxh4 Qc7 16. Be3 O-O-O 17. Bb3 Rdg8 18. Nd2 Ng6 19. Qf6 Bxb3 20. axb3 Nge5
21. Bxa7 Nxa7 22. Rxa7 Qb6+ 23. Qf2 Qxf2+ 24. Rxf2 Kb8 25. Ra4 Rh7 26. Rd4 Kc7
27. Nc4 Rg6 28. Ne3 Rhg7 29. Kf1 h5 30. h3 Re6 31. Rf5 Nc6 32. Ra4 b6 33. Rxh5
Kb7 34. Rf5 Ne7 35. Rh5 Rgg6 36. Rh4 Rgf6+ 37. Kg1 b5 38. Ra5 Kb6 39. b4 Rg6
40. Kf1 Rg7 41. Kf2 Re5 42. Ra8 d5 43. Rb8+ Ka6 44. Rh6+ Re6 45. Rxe6+ fxe6 46.
exd5 Rf7+ 47. Ke2 exd5 48. Rd8 Kb6 49. Nxd5+ Kc6 50. Nxe7+ Rxe7+ 51. Kf2 Ra7
52. g4 Ra2 53. Rd2 1-0

[Event "Madrid ch 2021-2022 Semifinal"]
[Site "Madrid ESP"]
[Date "2022.05.07"]
[Round "4.13"]
[White "Neagu, Roberto Florin"]
[Black "Portero Rubio, Martin"]
[Result "0-1"]
[WhiteElo "2076"]
[BlackElo "1868"]
[PlyCount "130"]
[EventDate "2022.05.04"]
[EventType "swiss"]
[EventRounds "9"]
[EventCountry "ESP"]
[SourceTitle "Ajedrez en Madrid"]
[Source "lmi"]
[SourceDate "2022.05.04"]
[SourceVersion "1"]
[SourceVersionDate "2022.05.15"]
[SourceQuality "1"]

1. d4 d5 2. Nf3 Bf5 3. Bf4 e6 4. e3 Bd6 5. c4 Bxf4 6. exf4 Qd6 7. Qb3 Nc6 8.
cxd5 Qb4+ 9. Qc3 exd5 10. a3 Qxc3+ 11. Nxc3 O-O-O 12. Be2 Nf6 13. O-O Ne4 14.
Rac1 Rhe8 15. Bb5 Re6 16. h3 h5 17. Nd1 Na5 18. Ne3 Bh7 19. Ba4 f6 20. b4 Nc4
21. Nxd5 Rxd5 22. Rxc4 b5 23. Rc2 bxa4 24. Rfc1 Re7 25. Re1 Red7 26. g4 Ng5 27.
Rc3 Nxf3+ 28. Rxf3 hxg4 29. hxg4 Rxd4 30. Re8+ Kb7 31. Rc3 Rxf4 32. f3 Rfd4 33.
Kf2 Rd3 34. Rc5 a6 35. b5 a5 36. Rf8 R3d5 37. Rc4 Rxb5 38. Rxa4 Bc2 39. Rc4 Bb3
40. Rc3 Bd5 41. g5 fxg5 42. a4 Rb2+ 43. Kg3 Rf7 44. Rd8 Rb3 45. Rc5 Rbxf3+ 46.
Kg4 Be6+ 47. Kh5 R3f5 48. Rc1 g4+ 49. Kh4 g5+ 50. Kh5 Rf4 51. Re8 Rh7+ 52. Kxg5
Rf5+ 53. Kg6 Bf7+ 54. Kxf5 Bxe8 55. Kxg4 Bxa4 56. Ra1 Bd7+ 57. Kf4 Rh4+ 58. Ke3
Ra4 59. Rb1+ Rb4 60. Ra1 a4 61. Kd3 c5 62. Kc3 Kb6 63. Re1 Rb3+ 64. Kc4 Bb5+
65. Kd5 Rd3+ 0-1

[Event "Madrid ch 2021-2022 Semifinal"]
[Site "Madrid ESP"]
[Date "2022.05.07"]
[Round "4.14"]
[White "Rey Martinez, Jaime"]
[Black "Torres Rebolledo, Alvaro"]
[Result "1-0"]
[WhiteElo "2055"]
[BlackElo "1839"]
[PlyCount "73"]
[EventDate "2022.05.04"]
[EventType "swiss"]
[EventRounds "9"]
[EventCountry "ESP"]
[SourceTitle "Ajedrez en Madrid"]
[Source "lmi"]
[SourceDate "2022.05.04"]
[SourceVersion "1"]
[SourceVersionDate "2022.05.15"]
[SourceQuality "1"]

1. e4 e5 2. Nf3 Nc6 3. Nc3 Nf6 4. Bb5 Nd4 5. O-O Nxf3+ 6. Qxf3 a6 7. Bc4 b5 8.
Bb3 Bb7 9. d3 Be7 10. Qg3 Rg8 11. Qxe5 d6 12. Qg3 Qd7 13. a4 b4 14. Nd5 Nxd5
15. Bxd5 Bxd5 16. exd5 Qf5 17. Bd2 a5 18. Rfe1 Kd7 19. c4 Bf6 20. Rab1 Rae8 21.
Be3 Be5 22. f4 Bf6 23. Bf2 Rxe1+ 24. Rxe1 Re8 25. Rxe8 Kxe8 26. b3 h6 27. h3 g5
28. Qe3+ Kd7 29. fxg5 hxg5 30. Qe4 Qxe4 31. dxe4 Be5 32. Be3 f6 33. Kf2 Ke7 34.
Kf3 Kf7 35. Kg4 Kg6 36. Ba7 Kf7 37. Bb8 1-0

[Event "Madrid ch 2021-2022 Semifinal"]
[Site "Madrid ESP"]
[Date "2022.05.07"]
[Round "4.15"]
[White "Feal Albala, Alonso"]
[Black "Tenorio Garcia, Joel"]
[Result "0-1"]
[WhiteElo "1892"]
[BlackElo "2027"]
[PlyCount "112"]
[EventDate "2022.05.04"]
[EventType "swiss"]
[EventRounds "9"]
[EventCountry "ESP"]
[SourceTitle "Ajedrez en Madrid"]
[Source "lmi"]
[SourceDate "2022.05.04"]
[SourceVersion "1"]
[SourceVersionDate "2022.05.15"]
[SourceQuality "1"]

1. d4 Nf6 2. Nc3 d5 3. Bf4 g6 4. Qd2 Bg7 5. Bh6 O-O 6. Bxg7 Kxg7 7. Nf3 c5 8.
dxc5 Qa5 9. Ne4 Qxd2+ 10. Nexd2 Na6 11. Nb3 Ne4 12. e3 Naxc5 13. Bd3 Nxb3 14.
axb3 Nc5 15. Be2 f6 16. Rd1 Rd8 17. Nd4 a6 18. O-O e5 19. Nf3 Bf5 20. Ne1 Rac8
21. g4 Be6 22. f4 e4 23. Rd2 a5 24. Ng2 Bf7 25. Rfd1 Rd6 26. h4 h6 27. Ra1 b6
28. Rad1 Rdc6 29. g5 f5 30. h5 gxh5 31. Nh4 Be6 32. Bxh5 hxg5 33. Rg2 g4 34.
Bg6 Rf8 35. Bh5 Rh8 36. Nxf5+ Bxf5 37. Bxg4 Bxg4 38. Rxg4+ Kf7 39. Rxd5 Rch6
40. Rf5+ Ke6 41. Re5+ Kd6 42. Reg5 Rh1+ 43. Kf2 Rc1 44. Rg6+ Kc7 45. Rg7+ Kc6
46. c4 Nd3+ 47. Kg2 Rc2+ 48. Kg3 Rxb2 49. R4g6+ Kc5 50. Rc7+ Kb4 51. Rxb6+ Kc3
52. f5 Re2 53. f6 Rxe3+ 54. Kg4 Rf3 55. Re6 Rf8 56. f7 R8xf7 0-1

[Event "Madrid ch 2021-2022 Semifinal"]
[Site "Madrid ESP"]
[Date "2022.05.07"]
[Round "4.16"]
[White "Esteban Amo, Jose M."]
[Black "Armenteros Peral, Javier"]
[Result "0-1"]
[WhiteElo "1856"]
[BlackElo "2000"]
[PlyCount "74"]
[EventDate "2022.05.04"]
[EventType "swiss"]
[EventRounds "9"]
[EventCountry "ESP"]
[SourceTitle "Ajedrez en Madrid"]
[Source "lmi"]
[SourceDate "2022.05.04"]
[SourceVersion "1"]
[SourceVersionDate "2022.05.15"]
[SourceQuality "1"]

1. d4 d5 2. Nf3 Nf6 3. e3 e6 4. Bd3 Be7 5. O-O O-O 6. Nbd2 Nbd7 7. b3 c5 8. Bb2
b6 9. Ne5 Bb7 10. Qf3 cxd4 11. exd4 Nxe5 12. dxe5 Nd7 13. Qh3 h6 14. c4 Nc5 15.
Bc2 Qc7 16. Rfe1 Rfd8 17. Nf3 dxc4 18. Rac1 Rac8 19. Nd4 Bg5 20. Rcd1 cxb3 21.
Nxb3 Rxd1 22. Bxd1 Rd8 23. Nd4 Bd5 24. a4 Bd2 25. Re2 Bb4 26. Qg3 Ne4 27. Qe3
Qb7 28. f3 Nc5 29. Rc2 Bb3 30. Rc1 Bxd1 31. Rxd1 Nxa4 32. Ba1 Qd5 33. h3 Qa2
34. Rf1 Bc5 35. Kh2 Qc4 36. Rd1 b5 37. Rc1 Bxd4 0-1

[Event "Madrid ch 2021-2022 Semifinal"]
[Site "Madrid ESP"]
[Date "2022.05.07"]
[Round "4.17"]
[White "Vaquerizo Calvo, Miguel Arturo"]
[Black "Alvarez Abejon, Amilcar"]
[Result "1-0"]
[WhiteElo "2057"]
[BlackElo "1982"]
[PlyCount "113"]
[EventDate "2022.05.04"]
[EventType "swiss"]
[EventRounds "9"]
[EventCountry "ESP"]
[SourceTitle "Ajedrez en Madrid"]
[Source "lmi"]
[SourceDate "2022.05.04"]
[SourceVersion "1"]
[SourceVersionDate "2022.05.15"]
[SourceQuality "1"]

1. e4 e5 2. Nf3 Nc6 3. d4 exd4 4. Nxd4 Qf6 5. Nxc6 Bc5 6. Qf3 dxc6 7. Bc4 Ne7
8. Nd2 Ng6 9. Qxf6 gxf6 10. Nb3 Bd6 11. Be3 f5 12. exf5 Bxf5 13. O-O-O Ne5 14.
Be2 O-O-O 15. h3 Rhe8 16. Nd4 Bd7 17. Rhe1 a6 18. g4 Ng6 19. Bc4 Ne5 20. Be2
Ng6 21. Bd3 Nf4 22. Bxh7 Nxh3 23. Bf5 Nf4 24. Bxd7+ Rxd7 25. Nf5 Ng2 26. Rg1
Nxe3 27. fxe3 Be5 28. Rxd7 Kxd7 29. c3 Rh8 30. Rg2 Rh1+ 31. Kc2 c5 32. Kd3 b5
33. Ke4 Ke6 34. g5 b4 35. cxb4 cxb4 36. g6 fxg6 37. Rxg6+ Bf6 38. Nd4+ Kf7 39.
Rg2 Ra1 40. b3 Rc1 41. Kd5 Bxd4 42. exd4 Ke7 43. Rg7+ Kd8 44. Rg6 Kd7 45. Rxa6
c6+ 46. Ke4 Rc2 47. Ra4 Kd6 48. Kd3 Rg2 49. Kc4 Rc2+ 50. Kxb4 Kd5 51. Ka5 Rb2
52. Kb6 Rd2 53. Ra8 Rb2 54. Rd8+ Ke6 55. Kxc6 Rxa2 56. Re8+ Kf7 57. Re3 1-0

[Event "Madrid ch 2021-2022 Semifinal"]
[Site "Madrid ESP"]
[Date "2022.05.08"]
[Round "5.1"]
[White "Horcajuelo Rocamora, Martin"]
[Black "Rottenwohrer Suarez, Juan"]
[Result "1-0"]
[WhiteElo "2126"]
[BlackElo "2256"]
[PlyCount "95"]
[EventDate "2022.05.04"]
[EventType "swiss"]
[EventRounds "9"]
[EventCountry "ESP"]
[SourceTitle "Ajedrez en Madrid"]
[Source "lmi"]
[SourceDate "2022.05.04"]
[SourceVersion "1"]
[SourceVersionDate "2022.05.15"]
[SourceQuality "1"]

1. d4 Nf6 2. c4 g6 3. Nc3 Bg7 4. e4 d6 5. Be2 O-O 6. Be3 Na6 7. h4 e5 8. d5 Nc5
9. Qc2 h5 10. f3 c6 11. b4 Na6 12. Qb3 Kh7 13. Rd1 cxd5 14. cxd5 Bh6 15. Bf2
Bd7 16. Bd3 Qc7 17. Nge2 Rfc8 18. O-O Nb8 19. a4 b6 20. a5 Be8 21. Ra1 Nbd7 22.
Qa3 Bd2 23. Nb5 Qb8 24. Rfd1 Bh6 25. axb6 Nxb6 26. Qa6 Nc4 27. Nxa7 Rc7 28.
Bxc4 Qxb4 29. Bd3 Rcxa7 30. Bxa7 Be3+ 31. Bxe3 Rxa6 32. Bxa6 Qb8 33. Rdb1 Qc7
34. Rb7 Qc2 35. Rc1 Qa2 36. Ra7 Qb2 37. Kh2 Qb3 38. Bg5 Kg7 39. Rcc7 Nh7 40.
Be7 Qb6 41. Bc8 Qe3 42. Ng3 Qf4 43. Bxd6 g5 44. Re7 Kh6 45. Bxe5 Qxh4+ 46. Kg1
Kg6 47. Bf5+ Kh6 48. Ra6+ 1-0

[Event "Madrid ch 2021-2022 Semifinal"]
[Site "Madrid ESP"]
[Date "2022.05.08"]
[Round "5.2"]
[White "Pindado Campos, Raul"]
[Black "Centeno Mendoza, Julio Stefano"]
[Result "0-1"]
[WhiteElo "2073"]
[BlackElo "2050"]
[PlyCount "156"]
[EventDate "2022.05.04"]
[EventType "swiss"]
[EventRounds "9"]
[EventCountry "ESP"]
[SourceTitle "Ajedrez en Madrid"]
[Source "lmi"]
[SourceDate "2022.05.04"]
[SourceVersion "1"]
[SourceVersionDate "2022.05.15"]
[SourceQuality "1"]

1. d4 d5 2. c4 e6 3. Nc3 Nf6 4. cxd5 exd5 5. Bg5 Be7 6. e3 c6 7. Bd3 Nbd7 8.
Nge2 O-O 9. O-O Re8 10. Qc2 h6 11. Bh4 Nb6 12. Rad1 Be6 13. f3 Rc8 14. Bf2 c5
15. Bf5 Qd7 16. Bxe6 Qxe6 17. Nf4 Qc6 18. Qf5 Rcd8 19. Nce2 Nc4 20. b3 Nd6 21.
Qc2 c4 22. Ng3 Bf8 23. Rfe1 cxb3 24. Qxb3 Nc4 25. a4 a6 26. Nd3 b5 27. axb5
axb5 28. Nb4 Bxb4 29. Qxb4 Ra8 30. Rb1 Reb8 31. e4 Ra2 32. Nf5 Kh7 33. Qe7 Qe6
34. Qc5 dxe4 35. Rxb5 Rxb5 36. Qxb5 Ra5 37. d5 Qxf5 38. Qxc4 exf3 39. Qc3 Rxd5
40. Qxf3 Qc2 41. h3 Rf5 42. Qe2 Qxe2 43. Rxe2 Nd5 44. Bg3 Rg5 45. Kh2 h5 46.
Re5 Rxe5 47. Bxe5 Kg6 48. Kg3 f6 49. Bb8 Kf5 50. Kf3 g6 51. Ba7 Ke5 52. Bb8+
Kf5 53. Ba7 g5 54. g4+ Kg6 55. Bb8 f5 56. gxf5+ Kxf5 57. Bd6 Nf4 58. Kg3 h4+
59. Kh2 Ke4 60. Be7 Ne6 61. Bf6 Kf3 62. Be7 Kf2 63. Bf6 Kf1 64. Be7 Nd4 65. Bf6
Nf3+ 66. Kh1 Kf2 67. Bd8 Kg3 68. Bb6 Nd2 69. Be3 Ne4 70. Bb6 Kxh3 71. Bc7 g4
72. Bb6 g3 73. Bc7 Kg4 74. Bb6 h3 75. Ba7 Kf3 76. Bb6 Nf2+ 77. Bxf2 gxf2 78.
Kh2 Ke2 0-1

[Event "Madrid ch 2021-2022 Semifinal"]
[Site "Madrid ESP"]
[Date "2022.05.08"]
[Round "5.3"]
[White "Ruiz Buendia, Miguel"]
[Black "Martinez Fernandez, Raul"]
[Result "1-0"]
[WhiteElo "2162"]
[BlackElo "2204"]
[PlyCount "101"]
[EventDate "2022.05.04"]
[EventType "swiss"]
[EventRounds "9"]
[EventCountry "ESP"]
[SourceTitle "Ajedrez en Madrid"]
[Source "lmi"]
[SourceDate "2022.05.04"]
[SourceVersion "1"]
[SourceVersionDate "2022.05.15"]
[SourceQuality "1"]

1. e4 e5 2. Nf3 Nc6 3. Bb5 a6 4. Ba4 Nf6 5. O-O b5 6. Bb3 Bc5 7. a4 Rb8 8. Nxe5
Nxe5 9. d4 Bxd4 10. Qxd4 d6 11. f4 Nc6 12. Qd3 O-O 13. axb5 axb5 14. Nc3 Nb4
15. Qd2 c5 16. e5 Ng4 17. Ne4 c4 18. Qxb4 Qb6+ 19. Kh1 cxb3 20. h3 Ne3 21. Bxe3
Qxe3 22. Rae1 Qb6 23. Nxd6 bxc2 24. Rc1 Qc6 25. Kh2 Be6 26. Rf2 Qa6 27. f5 Bd5
28. f6 Qa4 29. Qd2 Qh4 30. g3 Qh6 31. Qxh6 gxh6 32. Rcxc2 b4 33. Rf4 b3 34. Rc5
Be6 35. Ra4 h5 36. Kg2 h6 37. h4 Ra8 38. Rca5 Rxa5 39. Rxa5 Rb8 40. Kf3 Rb4 41.
Ra8+ Kh7 42. Rf8 Bd5+ 43. Ke3 Rg4 44. Nxf7 Kg6 45. Nd6 Rxg3+ 46. Kd4 Be6 47. f7
Rg4+ 48. Kc5 Bxf7 49. Rxf7 Rxh4 50. Rf3 Rh2 51. Rxb3 1-0

[Event "Madrid ch 2021-2022 Semifinal"]
[Site "Madrid ESP"]
[Date "2022.05.08"]
[Round "5.4"]
[White "Barraza Caracuel, Ignacio"]
[Black "Torres Boch, Jose F."]
[Result "1/2-1/2"]
[WhiteElo "2100"]
[BlackElo "2134"]
[PlyCount "39"]
[EventDate "2022.05.04"]
[EventType "swiss"]
[EventRounds "9"]
[EventCountry "ESP"]
[SourceTitle "Ajedrez en Madrid"]
[Source "lmi"]
[SourceDate "2022.05.04"]
[SourceVersion "1"]
[SourceVersionDate "2022.05.15"]
[SourceQuality "1"]

1. d4 Nf6 2. Nf3 e6 3. c4 b6 4. g3 Ba6 5. b3 d5 6. cxd5 exd5 7. Bg2 Be7 8. O-O
O-O 9. Ne5 Re8 10. Bb2 Bb7 11. Nc3 Nbd7 12. Rc1 c5 13. Nxd7 Qxd7 14. dxc5 Bxc5
15. Na4 Be7 16. Qd3 Rac8 17. e3 Qe6 18. Rfd1 Ne4 19. Nc3 Rcd8 20. Ne2 1/2-1/2

[Event "Madrid ch 2021-2022 Semifinal"]
[Site "Madrid ESP"]
[Date "2022.05.08"]
[Round "5.5"]
[White "Perdomo Araujo, Angel Eduardo"]
[Black "Gueler Berdasco, Martin"]
[Result "1/2-1/2"]
[WhiteElo "2065"]
[BlackElo "1946"]
[PlyCount "98"]
[EventDate "2022.05.04"]
[EventType "swiss"]
[EventRounds "9"]
[EventCountry "ESP"]
[SourceTitle "Ajedrez en Madrid"]
[Source "lmi"]
[SourceDate "2022.05.04"]
[SourceVersion "1"]
[SourceVersionDate "2022.05.15"]
[SourceQuality "1"]

1. e4 c5 2. Nf3 d6 3. d4 cxd4 4. Nxd4 Nf6 5. Nc3 a6 6. Bg5 e6 7. Qe2 Be7 8. h4
b5 9. a3 O-O 10. O-O-O Qc7 11. g4 Nc6 12. Bg2 Bb7 13. f4 Rfd8 14. f5 Nxd4 15.
Rxd4 e5 16. Rd2 Rac8 17. Bxf6 Bxf6 18. Nd5 Bxd5 19. Rxd5 Qc4 20. Qxc4 Rxc4 21.
g5 Be7 22. c3 Bf8 23. Rhd1 Rdc8 24. Kd2 R8c5 25. Ke3 Rxd5 26. Rxd5 Rc6 27. Bf3
Be7 28. Bd1 h6 29. gxh6 Bxh4 30. hxg7 Bg5+ 31. Kd3 Rb6 32. Bb3 Kxg7 33. Kc2 a5
34. a4 bxa4 35. Bxa4 Bd8 36. b3 Ra6 37. Bb5 Rb6 38. c4 Bc7 39. Be8 Kf8 40. Ba4
Ra6 41. Rd1 Ke7 42. Rh1 Ra8 43. Rh7 Rf8 44. Bc6 Bb6 45. Bd5 Bc5 46. Kd3 Kf6 47.
Rh6+ Kg5 48. Rh7 Kf6 49. Ke2 Bb4 1/2-1/2

[Event "Madrid ch 2021-2022 Semifinal"]
[Site "Madrid ESP"]
[Date "2022.05.08"]
[Round "5.6"]
[White "Garcia Dorado, Alberto"]
[Black "Tenorio Garcia, Joel"]
[Result "1-0"]
[WhiteElo "2220"]
[BlackElo "2027"]
[PlyCount "85"]
[EventDate "2022.05.04"]
[EventType "swiss"]
[EventRounds "9"]
[EventCountry "ESP"]
[SourceTitle "Ajedrez en Madrid"]
[Source "lmi"]
[SourceDate "2022.05.04"]
[SourceVersion "1"]
[SourceVersionDate "2022.05.15"]
[SourceQuality "1"]

1. Nf3 Nf6 2. c4 g6 3. Nc3 d5 4. cxd5 Nxd5 5. Qc2 Nb6 6. d4 Bg7 7. e4 O-O 8.
Be3 Bg4 9. Ne5 Bd7 10. Rd1 Nc6 11. Nxc6 Bxc6 12. d5 Bd7 13. Bd4 Qc8 14. Bxg7
Kxg7 15. a4 Qe8 16. a5 Nc8 17. Bd3 c6 18. O-O e5 19. dxe6 Bxe6 20. f4 f5 21.
exf5 Bxf5 22. Rfe1 Qf7 23. Bxf5 Qxf5 24. Qxf5 Rxf5 25. g3 Rf7 26. Ne4 h6 27.
Nc5 Ne7 28. Nxb7 Nd5 29. Nd6 Rd7 30. Nc4 Rb8 31. Re2 Rb4 32. Ne5 Rc7 33. Nxc6
Nxf4 34. Rc2 Ne2+ 35. Kf2 Re4 36. Rxe2 Rxe2+ 37. Kxe2 Rxc6 38. Rd7+ Kf6 39. Kd3
a6 40. Rb7 Ke6 41. Rb6 Rxb6 42. axb6 Kd6 43. Ke4 1-0

[Event "Madrid ch 2021-2022 Semifinal"]
[Site "Madrid ESP"]
[Date "2022.05.08"]
[Round "5.7"]
[White "Armenteros Peral, Javier"]
[Black "De La Puerta Cresis, Javier"]
[Result "1/2-1/2"]
[WhiteElo "2000"]
[BlackElo "2128"]
[PlyCount "51"]
[EventDate "2022.05.04"]
[EventType "swiss"]
[EventRounds "9"]
[EventCountry "ESP"]
[SourceTitle "Ajedrez en Madrid"]
[Source "lmi"]
[SourceDate "2022.05.04"]
[SourceVersion "1"]
[SourceVersionDate "2022.05.15"]
[SourceQuality "1"]

1. e4 c5 2. Nf3 d6 3. d4 cxd4 4. Nxd4 Nf6 5. Nc3 a6 6. h3 e6 7. g4 h6 8. Bg2
Be7 9. Be3 Nc6 10. Qd2 Nxd4 11. Bxd4 e5 12. Be3 b5 13. O-O Bb7 14. Rfd1 Rc8 15.
Qd3 Qc7 16. Rac1 Qc4 17. Qxc4 Rxc4 18. Nd5 Nxd5 19. exd5 Bg5 20. b3 Rc3 21. Rd3
Rxd3 22. cxd3 Kd7 23. Rc2 Bxe3 24. fxe3 Rc8 25. Rxc8 Kxc8 26. b4 1/2-1/2

[Event "Madrid ch 2021-2022 Semifinal"]
[Site "Madrid ESP"]
[Date "2022.05.08"]
[Round "5.8"]
[White "Ruiz Vazquez, Javier"]
[Black "Rodriguez Melendez, Juan Humberto"]
[Result "1/2-1/2"]
[WhiteElo "1960"]
[BlackElo "2098"]
[PlyCount "213"]
[EventDate "2022.05.04"]
[EventType "swiss"]
[EventRounds "9"]
[EventCountry "ESP"]
[SourceTitle "Ajedrez en Madrid"]
[Source "lmi"]
[SourceDate "2022.05.04"]
[SourceVersion "1"]
[SourceVersionDate "2022.05.15"]
[SourceQuality "1"]

1. e4 c5 2. Nf3 d6 3. d4 cxd4 4. Nxd4 Nf6 5. Nc3 a6 6. f3 e5 7. Nb3 Be6 8. Be3
h5 9. Qd2 Nbd7 10. O-O-O Be7 11. Nd5 Nxd5 12. exd5 Bf5 13. Bd3 Bxd3 14. Qxd3
Rc8 15. Kb1 Qc7 16. c3 Qc4 17. Qc2 Nf6 18. Bg5 O-O 19. Nd2 Qc7 20. Bxf6 Bxf6
21. Qf5 b5 22. Qxh5 Be7 23. Qf5 a5 24. Qd3 Qb7 25. g4 Rc7 26. h4 Rfc8 27. g5
Rc5 28. Nb3 R5c7 29. Nxa5 Qb6 30. Nc6 Ra8 31. Nb4 Rc4 32. a3 Rf4 33. Rd2 Qb7
34. Rg2 Qd7 35. Nc6 f5 36. h5 Bf8 37. h6 g6 38. Qe3 Kh7 39. Rd1 Be7 40. Re1 Bd8
41. Ree2 Qb7 42. Re1 Bb6 43. Qxf4 exf4 44. Re7+ Qxe7 45. Nxe7 Re8 46. Nc6 Re3
47. Kc2 Rxf3 48. Re2 Be3 49. Nd4 Rg3 50. Kd3 Bg1+ 51. Kd2 Rxg5 52. Re7+ Kxh6
53. Ne6 Rg2+ 54. Ke1 Bh2 55. Re8 Kh5 56. Rh8+ Kg4 57. Kf1 Rxb2 58. Rh6 Kf3 59.
Nd4+ Ke3 60. Rxg6 Rb1+ 61. Kg2 Rb2+ 62. Kf1 f3 63. Nxf5+ Kf4 64. Nxd6 Bg3 65.
Rf6+ Kg4 66. Rg6+ Kh3 67. Rh6+ Bh4 68. Rxh4+ Kxh4 69. Ne4 Re2 70. d6 Re3 71.
Kf2 Rd3 72. Nc5 Rxd6 73. Kxf3 Rc6 74. Ne4 Ra6 75. Kf4 Rxa3 76. Kf5 Kh3 77. Kf4
Kg2 78. Ke3 b4 79. Kd4 b3 80. Nd2 b2 81. Kd3 Ra2 82. Nb1 Kf3 83. Kc2 Ke4 84.
Nd2+ Kd5 85. Kb1 Ra1+ 86. Kxb2 Rh1 87. Kc2 Rh2 88. Kd3 Kc5 89. Ne4+ Kb5 90. Kd4
Rh1 91. c4+ Kb4 92. Nf2 Rh4+ 93. Ne4 Rh8 94. Nf6 Rh4+ 95. Ne4 Rg4 96. c5 Rh4
97. Kd5 Rh5+ 98. Kd6 Kb5 99. Nc3+ Ka6 100. c6 Rh6+ 101. Kd7 Rh7+ 102. Kd6 Ka7
103. Nd5 Kb8 104. c7+ Kb7 105. Ne7 Rxe7 106. c8=Q+ Kxc8 107. Kxe7 1/2-1/2

[Event "Madrid ch 2021-2022 Semifinal"]
[Site "Madrid ESP"]
[Date "2022.05.08"]
[Round "5.9"]
[White "Bravo De La Vega, Alvaro"]
[Black "Sanchez Garcia, Aurelio"]
[Result "1-0"]
[WhiteElo "2082"]
[BlackElo "1988"]
[PlyCount "79"]
[EventDate "2022.05.04"]
[EventType "swiss"]
[EventRounds "9"]
[EventCountry "ESP"]
[SourceTitle "Ajedrez en Madrid"]
[Source "lmi"]
[SourceDate "2022.05.04"]
[SourceVersion "1"]
[SourceVersionDate "2022.05.15"]
[SourceQuality "1"]

1. e4 d6 2. d4 Nf6 3. Nc3 g6 4. Bf4 a6 5. Qd2 Nc6 6. O-O-O b5 7. f3 Bb7 8. Qe3
Nh5 9. Bg5 h6 10. Bh4 g5 11. g4 Nf4 12. Bg3 Ng6 13. e5 e6 14. Bd3 d5 15. Bxg6
fxg6 16. Nge2 Qd7 17. h4 gxh4 18. Bxh4 Bg7 19. Bf6 Qf7 20. Nf4 Nd8 21. Qd3 Bxf6
22. exf6 Qxf6 23. Nxg6 Rg8 24. Ne5 Nc6 25. Nxc6 Bxc6 26. Qh7 Qf4+ 27. Kb1 O-O-O
28. Qxh6 Qxf3 29. Qxe6+ Kb7 30. Rh6 Rd6 31. Qxg8 Rxh6 32. a3 Rh1 33. Rxh1 Qxh1+
34. Ka2 a5 35. Qf8 Qg1 36. Qc5 Qxg4 37. Nxb5 Qf4 38. Nc3 Qf5 39. Kb3 Qf3 40.
Qxa5 1-0